000 00291nam a2200109Ia 4500
008 220627s9999 xx 000 0 und d
020 _a978 0 7981 7758 0
082 _aAF DEKO
100 _aDe Kock, Helene
_967844
245 0 _aKEUR 4
942 _cBK
_w561
_xJohn Tresidder
_y
_zCRON CRON
999 _c690374
_d690373